Texas journal of women and the law

Bibliographic Details
Corporate Author: University of Texas at Austin. School of Law
Format: Unknown
Language:English
Published: Austin, Tex. : University of Texas at Austin, School of Law Publications
Subjects:
Online Access:Acceso restringido

MARC

LEADER 00000ny a22000003n 4500
005 20110512143846.0
008 910904c19929999txufr1p og 0 a0eng d
022 |a 1058-5427 
035 |a 4052 
040 |a UCA  |d vLex 
090 |c 1807  |d 1807 
245 0 0 |a Texas journal of women and the law  |h [Recurso electrn̤ico] 
256 |a Servicio en ln̕ea. 
260 |a Austin, Tex. :  |b University of Texas at Austin, School of Law Publications 
310 |a Semestral 
506 1 |a Contenido solo disponible en los productos indicados  |d vLex Global  |d vLex Global (Academic Edition, excluding Law Schools)  |d vLex Global (U.S. Academic Edition, excluding Law Schools) 
650 0 4 |a Discriminacin̤ sexual  |x Derecho  |z Estados Unidos 
650 0 4 |a Mujeres  |x Derecho  |z Estados Unidos  |x Publicaciones perid̤icas 
710 2 |a University of Texas at Austin.  |b School of Law. 
740 0 |a vLex Revista (Servicios en ln̕ea) 
843 |a Electrn̤ica. Abierta 
853 |8 1  |i (year)  |j (month)  |k (day) 
856 4 0 |u http://vlex.com/source/4052  |z Acceso restringido 
942 |c REV 
999 0 0 |a Feminist jurisprudence  |v Periodicals. 
999 0 0 |a Law in literature  |v Periodicals. 
999 0 0 |a Sex discrimination against women  |z United States  |v Periodicals. 
999 0 0 |a Women  |z United States  |v Periodicals.